000 00807nas a2200265 4500
001 BR9902719
003 BR-BrBNA
005 20231205101417.0
007 ta
008 230509b bl.|||p| |||| 00| 00por d
040 _aBR-BrBNA
_bpor
_cBiblioteca Nacional de Agricultura
041 _a(Pt)
072 _aK10
100 1 _aVieira, F.
100 1 _aGomes, S.W.F.
100 1 _aLima, J.P.C. de
100 1 _aMello Filho, J.A. de
245 1 _aSchizolobium parahyba (Vell.)- uma analise de desenvolvimento em tres ambientes na fase de viveiro
650 _aGuapuruvu
650 _aViveiro Florestal
650 _aSombreamento
773 0 _tFloresta e Ambiente (Brazil)
_xISSN 1415-0980
_g(1998), v. 5(1) p. 118-123
_wBR9902719
909 _a202311
_bLúcia
_c55
_dLúcia Elande
942 _2AGRIS
_n0
_cANA
999 _c161663
_d161663